| 000 | 00396nam a22001577a 4500 | ||
|---|---|---|---|
| 005 | 20231129091132.0 | ||
| 008 | 231129b |||||||| |||| 00| 0 eng d | ||
| 041 | _aEnglish | ||
| 082 | _a340.06 LAW | ||
| 100 | _lEnglish | ||
| 245 | _aLaw as a Career | ||
| 260 | _c2009 | ||
| 300 |
_b22 pages ; _c22 cm. |
||
| 650 |
_aLegal practice _bLaw |
||
| 942 |
_cBK _6ALISON_BN_VRIES |
||
| 999 |
_c1041 _d1041 |
||